1145 1459 1036 1614 1552 1256 1600 1670 1184 1210 1230 1617 1456 1790 1851 1991 1015 1566 1526 1393 1024 1863 1587 1781 1692 1909 1521 1186 1014 1161 1969 1861 1601 1036 1606 1205 1078 1255 1600 1437 1026 1214 1872 1524 1376 1751 1838 1328 1037 1566 1794 1274 1840 1538 1565 1732 1320 1138 1346 1077 1348 1065 1440 1625 1758 1121 1963 1424 1926 1242 1937 1082 1919 1449 1884 1987 1355 1418 1446 1272 1233 1755 1790 1999 1140 1205 1213 1333 1508 1397 1308 1623 1436 1459 1083 1085 1125 1513 1018 BCNSPRNW ULIB Ver.6.0+V

เปลี่ยนเป็นภาษาไทย

Change to English
 แสดงรายละเอียดบรรณานุกรม
  กลับหน้าหลัก

Brief Record : Get Marc (ISO 2709) : E-mail record : QR code < ปิดหน้าต่าง
LEADER : 00000nam 2200000uu 4500
001    13399121183
003     ULIB
008    121108s2547||||th 000 0 tha d
050 04 ^aLB1044^bส816
100 0  ^aสุนันทา สุนทรประเสริฐ
245 10 ^aการสร้างสื่อการสอนและนวัตกรรมการเรียนรู้สู่...การพัฒนาผู้เรียน/^cสุนันทา สุนทรประเสริฐ
260    ^aกรุงเทพฯ :^bธรรมรักษ์การพิมพ์,^c2547
300    ^a150 หน้า
650  7 ^aนวัตกรรมการเรียนรู้
650  4 ^aสื่อการสอน
945    ^p100^l0^i16587
995    ^aวิภา
999 ^a ทศพร
รายการนี้ยังไม่มีแท็ก
คุณยังไม่ได้ล็อกอิน คุณสามารถมีกิจกรรมร่วมกับเว็บไซต์ได้ แต่ต้องล็อกอินก่อน ::
  ล็อกอิน

รายการสื่อสารสนเทศ

ลำดับที่ ประเภท เลขเรียก/บาร์โค้ด สถานที่ สถานะ
1. วิทยาศาสตร์การแพทย์ และสุขภาพ
วิทยาศาสตร์การแพทย์ และสุขภาพ
LB1044 ส816  
  Barcode: 16587
ห้องสมุดวิทยาเขตสวรรค์ประชารักษ์
►หนังสือทั่วไป
บนชั้น

รายการใกล้เคียง
    ผู้แต่ง [สุนันทา สุนทรประเสริฐ]

    หัวเรื่อง [นวัตกรรมการเรียนรู้]
    หัวเรื่อง [สื่อการสอน]

BibComment


ยังไม่เคยถูกคอมเมนท์

คอมเมนท์ทรัพยากรรายการนี้
  คอมเมนท์: การสร้างสื่อการส..


 Copyright 2026. Bcnsprnw @Library